000
00246nam a2200109Ia 4500
008
200302s9999 xx 000 0 und d
100
_a
Soon Chun Cho
245
_a
Byoung Cho
260
_b
Thames and Husdson Ltd.,
260
_c
2014
300
_a
256
999
_c
3699
_d
3699